000 00432 a2200169 4500
003 Nust
005 20170207153139.0
010 _a 00689059
020 _a8173660409
040 _cNust
082 0 0 _a005.268
100 1 _aHorton, Ivor.
245 1 0 _aBeginning Visual C++ 6 /
_cIvor Horton.
260 _aBirmingham, UK :
_bWrox Press,
_c1998.
300 _axxvii, 1181 p. :
_bill. ;
_c24 cm.
650 0 _aC++ (Computer program language)
942 _2ddc
_cBK
999 _c180037
_d180037